|
|
|
|
| LEADER |
00000nam a22000007a 4500 |
| 005 |
2016062801561.0 |
| 007 |
cr|||| u|u| |
| 008 |
160628s2007 -usa||| |||| 0||||1eng d |
| 022 |
|
|
|a 1523-9748
|
| 035 |
|
|
|a 2968
|
| 040 |
|
|
|a vLex
|
| 090 |
|
|
|c 6220
|d 6220
|
| 245 |
1 |
0 |
|a International Journal of Economic Development
|h [Recurso electrn̤ico] /
|c Southern Public Administration Education Foundation, Inc.
|
| 256 |
|
|
|a Servicio en ln̕ea
|
| 260 |
|
|
|a Estados Unidos
|b Southern Public Administration Education Foundation, Inc.
|c 2007
|
| 300 |
|
|
|a 1 recurso electrn̤ico
|
| 506 |
1 |
|
|a Contenido solo disponible en los productos indicados
|d vLex Global
|d vLex Global (Academic Edition, excluding Law Schools)
|d vLex Global (U.S. Academic Edition, Law Schools)
|d vLex Global (U.S. Academic Edition, excluding Law Schools)
|d vLex Global (Academic Edition, Law Schools)
|
| 650 |
0 |
4 |
|a Derecho
|z Estados Unidos
|
| 740 |
0 |
|
|a vLex libros (servicio en ln̕ea)
|
| 856 |
4 |
0 |
|u http://vlex.com/source/international-journal-economic-development-2968
|z Acceso rsetringido
|
| 942 |
|
|
|c REV
|
| 999 |
0 |
|
|a Law
|b Estados Unidos
|